Estadísticas para Pilotos de Fórmula 1 Temporada 2022

Haz click aquí para intentar la prueba.

Estadísticas generales

  • Esta prueba ha sido intentada 209 veces
  • La puntuación promedio es 17 de 20

Estadísticas de respuestas

HintRespuesta% Correcto
1Max Verstappen
98%
55Carlos Sainz
97%
44Lewis Hamilton
97%
11Sergio Pérez
97%
16Charles Leclerc
95%
14Fernando Alonso
94%
4Lando Norris
88%
77Valteri Bottas
88%
31Esteban Ocon
87%
63George Russell
84%
10Pierre Gasly
84%
5Sebastian Vettel
82%
3Daniel Ricciardo
80%
24Guanyu Zhou
80%
22Yuki Tsunoda
80%
18Lance Stroll
78%
23Alexander Albon
77%
20Kevin Magnussen
77%
47Mick Schumacher
77%
6Nicholas Latifi
66%

Distribución de puntuación

Porcentaje por número respondido

Porcentaje de gente con cada puntuación

Historial de tus puntuaciones

No has intentado esta prueba.